California Management Review
Na minha lista:
| Formato: | Periódico |
|---|---|
| Idioma: | inglês |
| Publicado em: |
Berkeley
University of California
|
| Assuntos: | |
| Tags: |
Sem tags, seja o primeiro a adicionar uma tag!
|
MARC
| LEADER | 00000nas1a2200000 4500 | ||
|---|---|---|---|
| 001 | s123560 | ||
| 005 | 20250701092100.7 | ||
| 022 | |a 0008-1256 | ||
| 022 | |a 2162-8564 | ||
| 041 | 0 | |a eng | |
| 044 | |a US | ||
| 245 | 1 | 0 | |a California Management Review |
| 264 | 1 | |a Berkeley |b University of California | |
| 610 | 2 | 0 | |a manažment |
| 610 | 2 | 0 | |a stratégia podniková |